Anciens drapeaux de 28 pays #1 - Statistiques

Statistiques générales
  • Ce quiz a été pris 532 fois
  • Le résultat moyen est 14 sur 28
Statistiques - réponses
Par images Réponse % Correct
Japon
96%
France
92%
Mexique
92%
Italie
91%
Serbie
89%
Brésil
87%
Syrie
86%
Iran
77%
Pologne
75%
Espagne
73%
Argentine
68%
Pays-Bas
68%
Portugal
64%
Allemagne
58%
Irak
53%
Éthiopie
48%
Canada
39%
Grèce
38%
Russie
31%
RD Congo
21%
Chine
18%
Colombie
17%
Bosnie-Herzégovine
15%
Égypte
15%
Géorgie
15%
Birmanie
8%
Soudan
3%
Guatemala
1%
Aucun quiz correspondant
Distribution des résultats
% des personnes avec chaque résultat
Percentile par nombre de réponses
Votre historique - résultats
Vous n’avez pas pris ce quiz